书目信息 |
| 题名: |
李斯特钢琴全集
|
|
| 作者: | 李斯特 曲 ;伽托尼 , 塞兰尼 , 苏约克 , 梅祖 , 孙韵 编订 | |
| 分册: | 系列一 旅行岁月 | |
| 出版信息: | 上海 上海音乐出版社 2007 |
|
| 页数: | 131页 | |
| 开本: | 31cm | |
| 丛书名: | ||
| 单 册: | ||
| 中图分类: | J657.411(515) | |
| 科图分类: | ||
| 主题词: | 钢琴谱--练习曲--匈牙利--近代--选集 , 钢琴谱 , 练习曲 | |
| 电子资源: | ||
| ISBN: | 978-7-80751-028-4 | |
| 000 | 01401ncm0 2200349 450 | |
| 001 | 003496653 | |
| 005 | 20100325104723.96 | |
| 010 | @a978-7-80751-028-4@dCNY35.00 | |
| 100 | @a20070402d2007 em y0chiy0110 ea | |
| 101 | 1 | @achi@chun |
| 102 | @aCN@b310000 | |
| 105 | @ag z 000yy | |
| 106 | @ar | |
| 200 | 1 | @a李斯特钢琴全集@9li si te gang qin quan ji@h系列一@h第七分册@i旅行岁月@h2@f佐尔坦·伽托尼,伊斯特凡·塞兰尼编订@g尹尔·苏约克(Imre Sulyok),尹尔·梅祖(Imre Mez)[册]编订@g孙韵翻译 |
| 210 | @a上海@c上海音乐出版社@d2007 | |
| 215 | @a131页@d31cm | |
| 305 | @a匈牙利布达佩斯音乐出版社提供版权 | |
| 312 | @a版权页题名:李斯特钢琴全集·旅行岁月 2 | |
| 330 | @a李斯特的全部音乐作品呈出于世,它能够同时满足音乐学和演奏实践方面的需求,其中内容包括:婚礼、沉思者、罗沙小调等。 | |
| 517 | 1 | @a李斯特钢琴全集·旅行岁月 2 |
| 606 | 0 | @a钢琴谱@x练习曲@y匈牙利@z近代@j选集 |
| 606 | 0 | @a钢琴谱 |
| 606 | 0 | @a练习曲 |
| 690 | @aJ657.411(515)@v4 | |
| 701 | 0 | @c(匈)@a李斯特@9li si te@c(Franz Liszt@f1811~1886)@4曲 |
| 702 | 0 | @c(匈)@a伽托尼@9jia tuo ni@c(Gardonyi, Zoltan)@4编订 |
| 702 | 0 | @c(匈)@a塞兰尼@9sai lan ni@c(Szelenyi, Istvan)@4编订 |
| 702 | 0 | @c(匈)@a苏约克@9su yue ke@c(Sulyok, Imre)@4册编订 |
| 702 | 0 | @c(匈)@a梅祖@9mei zu@c(Mezo, Imre)@4册编订 |
| 702 | 0 | @c(美)@a孙韵@9sun yun@c(女)@4翻译 |
| 801 | 0 | @aCN@bNLC@c20100325 |
| 905 | @b799350-52@dJ657.411(515)@e532@f3 | |
| 李斯特钢琴全集.系列一.第七分册.旅行岁月.2/佐尔坦·伽托尼,伊斯特凡·塞兰尼编订/尹尔·苏约克(Imre Sulyok),尹尔·梅祖(Imre Mez)[册]编订/孙韵翻译.-上海:上海音乐出版社,2007 |
| 131页;31cm |
| ISBN 978-7-80751-028-4:CNY35.00 |
| 李斯特的全部音乐作品呈出于世,它能够同时满足音乐学和演奏实践方面的需求,其中内容包括:婚礼、沉思者、罗沙小调等。 |
| ● |
| 相关链接 |
|
|
|
|
正题名:李斯特钢琴全集
索取号:J657.411(515)/532
 
预约/预借
| 序号 | 登录号 | 条形码 | 馆藏地/架位号 | 状态 | 备注 |
| 1 | 799350 | 207993509 | 第一样本阅览室/ [索取号:J657.411(515)/532] | 在馆 | |
| 2 | 799351 | 207993518 | 第一借阅区/ [索取号:J657.411(515)/532] | 在馆 | |
| 3 | 799352 | 207993527 | 第一借阅区/ [索取号:J657.411(515)/532] | 在馆 |